Normal view
MARC view
Entry Topical Term
001 - CONTROL NUMBER
- control field: 689
003 - CONTROL NUMBER IDENTIFIER
- control field: OSt
005 - DATE AND TIME OF LATEST TRANSACTION
- control field: 20140717150309.0
008 - FIXED-LENGTH DATA ELEMENTS
- fixed length control field: 140717|| aca||aabn | a|a d
040 ## - CATALOGING SOURCE
- Original cataloging agency: OSt
- Transcribing agency: OSt
150 ## - HEADING--TOPICAL TERM
- Topical term or geographic name entry element: Object- oriented modeling.
670 ## - SOURCE DATA FOUND
- Source citation: Work cat.: (OSt): Satzinger John W 688, The Object-Oriented Approach concepts, System Development and Modeling wih UML /, 2001.
